| 000 | 00417nam a22001697a 4500 | ||
|---|---|---|---|
| 005 | 20180521125333.0 | ||
| 008 | 160519b xxu||||| |||| 00| 0 eng d | ||
| 020 | _a978-81-9087623-0 | ||
| 041 | _aeng | ||
| 082 |
_b3333 _a515.33 |
||
| 100 |
_aSinha K.C. _9829 |
||
| 245 | _aDifferential Calules fun IIT-JEE/AIEEE | ||
| 260 |
_bEdvaiser _c2010 |
||
| 300 | _a6.158 | ||
| 650 |
_aDIPLOMA ENGINEERING _9817 |
||
| 942 | _cBK | ||
| 999 |
_c1141 _d1141 |
||